000 00249nam a2200097Ia 4500
082 _a306.9 HUMP
245 0 _aThe welcome visitor
100 _a Humphrys, John London, 2009
_976215
942 _cBK
008 210817s9999 xx 000 0 und d
999 _c253032
_d253031